000 01152nam a2200229Ia 4500
003 Ost
005 20260507075218.0
008 260507s9999||||xx |||||||||||||| ||und||
020 _a16510799579
040 _cfsecg
041 _aara
082 _a330
100 _aخصاونة، محمد قاسم
_eمؤلف
245 0 _aالإستثمار في المناطق الحرة /
_c محمد قاسم خصاونة
260 _aعمان:
_bدار الفكر,
_c2010
300 _a148 صفحة؛
_bإيضاحات ؛
_c24 سم
504 _aمراجع ص.127
520 _aتعريف بعض المصطلحات ، نشأة المناطق الحرة ، العولمة و التنافسية و دور المناطق الحرة ، الدراسات السابقة ذات الصلة بالمناطق الحرة ، مقومات إنشاء و عوامل نجاح المناطق الحرة ، المناطق اللحرة في الجمهورية العربية المصرية ، نشوء المناطق الحرة الاردنية و تطورها.
653 _aالاستثمار
653 _aالتجارة- المناطق الحرة
942 _cكتاب
999 _c43507
_d43507